STN EN 397+A1: 2013 (83 2144), Bezpečnostné prilby používané v priemysle. (Konsolidovaný text)

Táto norma je slovenskou verziou EN 397: 2012+A1: 2012. Preklad zabezpečil Slovenský ústav technickej normalizácie. Táto norma má rovnaké postavenie, ako majú oficiálne verzie

Bibliographic Details
Other Authors: Kočan, Miroslav (Translator), Kočanová, Natália (Translator)
Format: Book
Language:Slovak
English
PhysicalDescription:28 s. obr., tab. 30 cm
Published: Bratislava Slovenský ústav technickej normalizácie 2013
Subjects:

MARC

LEADER 00000nam a22000005a 4500
001 vtls010575385
003 SK-MaSNL
005 20260301034542.0
008 160429s2013 xo a f u 000 0 slo
015 |a SNBN2014 
040 |a SNK  |b slo  |c SNK  |e AACR2 
041 1 |a slo  |h eng 
044 |a xo  |c SK 
046 |a s  |m 201303 (účin.) 
072 7 |a 614.8  |x Úrazy a ich prevencia  |2 konspekt 
080 |a 614.89  |2 2001 
080 |a 006.7/.8  |2 2001 
080 |a (437.6)  |2 2001 
080 |a (4)  |2 2001 
080 |a (083.74)  |2 2001 
084 |a 13.340.20  |2 ICS 
130 0 |a STN 83 2144 (STN EN 397+A1)  |9 335632 
245 1 0 |a STN EN 397+A1: 2013 (83 2144), Bezpečnostné prilby používané v priemysle. (Konsolidovaný text) 
246 1 0 |a Bezpečnostné prilby používané v priemysle. (Konsolidovaný text) 
246 3 0 |a EN 397: 2012+A1: 2012 SK 
260 |a Bratislava  |b Slovenský ústav technickej normalizácie  |c 2013 
300 |a 28 s.  |b obr., tab.  |c 30 cm 
500 |a Táto norma nahrádza STN EN 397 z augusta 2012 v celom rozsahu 
500 |a Spracovateľ: Miroslav Kočan, Natália Kočanová, Slovenský ústav technickej normalizácie, Bratislava 
504 |a Citované normy, súvisiace práce predpisy s. 2 ; literatúra s. 27 
520 8 |a Táto norma je slovenskou verziou EN 397: 2012+A1: 2012. Preklad zabezpečil Slovenský ústav technickej normalizácie. Táto norma má rovnaké postavenie, ako majú oficiálne verzie 
540 |a Normy sa podľa zákona č. 264/1999 Z. z. nesmú kopírovať 
650 0 7 |a technické normy a štandardy  |z Slovensko  |2 SNKPH  |9 79594 
650 0 7 |a technické normy a štandardy  |z krajiny Európskej únie  |2 SNKPH  |9 289341 
650 0 7 |a prostriedky osobnej ochrany  |2 SNKPH  |9 69398 
650 0 7 |a Personal protective equipment  |2 SNKPHeng  |9 290910 
650 0 7 |a prilby  |2 SNKPH  |9 123371 
650 0 7 |a Helmets  |2 SNKPHeng  |9 335633 
655 7 |a normy  |2 SNKPH  |9 70643 
700 1 |a Kočan, Miroslav  |4 trl  |9 320869 
700 1 |a Kočanová, Natália  |4 trl  |9 309870 
710 2 |a Slovenský ústav technickej normalizácie (Bratislava, Slovensko).  |b Technická komisia č. 91 Osobné ochranné prostriedky  |4 stn  |9 318892 
958 |a OP 
958 |a NB 
999 |c 582027  |d 583957 
952 |a SNK  |b SNK  |y PREZ  |7 0  |p 17A1094870  |o snkSTN EN 397+A1  |i snk2014/4068  |8 0  |0 0  |1 0  |4 0  |d 2014-02-10  |l 0  |r 2026-02-23 14:55:49  |w 2026-02-23 
952 |a SNK  |b SNK  |y PREZ  |7 0  |p 17A1094869  |o snkSTN EN 397+A1 D1  |i snk2014/4069  |8 0  |0 0  |1 0  |4 0  |d 2014-02-10  |l 0  |r 2026-02-23 14:55:49  |w 2026-02-23